[Event "IsBank TCh-TUR"]
[Site "Konya TUR"]
[Date "2010.06.29"]
[Round "1"]
[White "Mamedov,Nid"]
[Black "Solak,D"]
[Result "0-1"]
[WhiteElo "2614"]
[BlackElo "2547"]
[EventDate "2010.06.29"]

1. e4 c6 2. d4 d5 3. e5 Bf5 4. Nf3 e6 5. Be2 Bg6 6. O-O Ne7 7. Nbd2 Nf5 8.
Nb3 Nd7 9. Bd2 h5 10. c3 Be7 11. Nc1 c5 12. Nd3 Qb6 13. Qa4 Qc6 14. Qxc6
bxc6 15. Nf4 Rb8 16. b3 cxd4 17. Nxd4 Nxe5 18. Rfe1 Nxd4 19. cxd4 Bb4 20.
Red1 Bxd2 21. Rxd2 Ng4 22. Rc1 Kd7 23. Nxg6 fxg6 24. h4 Nh6 25. Rc5 Rb4 26.
Rdc2 Nf5 0-1

[Event "IsBank TCh-TUR"]
[Site "Konya TUR"]
[Date "2010.06.29"]
[Round "1"]
[White "Apaydin,F"]
[Black "Sengul,C"]
[Result "1-0"]
[WhiteElo "2179"]
[BlackElo "2188"]
[EventDate "2010.06.29"]

1. e4 e5 2. Nc3 Nf6 3. g3 c6 4. d4 Bb4 5. Bg2 d5 6. dxe5 Nxe4 7. Bxe4 Bxc3+
8. bxc3 dxe4 9. Qxd8+ Kxd8 10. Ba3 Bf5 11. f4 exf3 12. O-O-O+ Kc7 13. Nxf3
Nd7 14. Ng5 f6 15. Rhf1 Bg4 16. Rd4 h5 17. e6 fxg5 18. Rxd7+ Kb6 19. Rff7
Bxe6 20. Rxb7+ Ka6 21. Rxg7 Rhg8 22. Rge7 Rge8 23. Rec7 Rec8 24. Rg7 Rg8
25. Bc5 Rxg7 26. Rxg7 Bxa2 27. Rxg5 Bf7 28. Rg7 Be6 29. Rh7 Bg4 30. c4 Be2
31. Kd2 Bxc4 32. Rxh5 Bf7 33. Rh7 Kb5 34. Rxf7 Kxc5 35. Kc3 a5 36. Rf5+ Kd6
37. Kb3 Rb8+ 38. Ka3 Re8 39. h4 Re3+ 40. Kb2 Rxg3 41. Rxa5 Rh3 42. Rh5 Kc7
43. c3 Kb6 44. Kb3 Rf3 45. Kc4 Rf4+ 46. Kd3 Rf3+ 47. Kd4 Rf4+ 48. Kd3 Rf3+
49. Kc2 c5 50. Kb3 Kb5 51. Rg5 Rh3 52. Rg4 Rh2 53. c4+ Ka5 54. Kc3 Rh3+ 55.
Kd2 Kb4 56. Ke2 Rc3 57. Rf4 Rh3 58. Kf2 Rc3 59. Re4 Rd3 60. Kg2 Ra3 61. h5
Ra2+ 62. Kg3 Ra1 63. Kh4 Kc3 64. Kg5 Kd3 65. Rh4 Rg1+ 66. Kf6 Rf1+ 67. Ke6
Kc2 68. h6 Rf8 69. h7 Rh8 70. Kf6 Kb3 71. Kg7 Rc8 72. h8=Q Rxh8 73. Kxh8
1-0

[Event "IsBank TCh-TUR"]
[Site "Konya TUR"]
[Date "2010.06.29"]
[Round "1"]
[White "Yilmazyerli,M"]
[Black "Bolat,A"]
[Result "1-0"]
[WhiteElo "2295"]
[BlackElo "2016"]
[EventDate "2010.06.29"]

1. Nf3 c5 2. c4 Nc6 3. Nc3 g6 4. d4 cxd4 5. Nxd4 Bg7 6. Nc2 Bxc3+ 7. bxc3
Qa5 8. e4 Nf6 9. f3 Qxc3+ 10. Bd2 Qe5 11. Bd3 O-O 12. Rb1 Rd8 13. O-O Qc7
14. Bc3 d6 15. Ne3 Ne5 16. Be2 Be6 17. Qd4 b6 18. f4 Nc6 19. Qd3 Nd7 20.
Rbe1 f6 21. Nd5 Qb7 22. Bf3 Nc5 23. Qe2 Rac8 24. g4 Re8 25. e5 dxe5 26.
fxe5 f5 27. gxf5 Bxf5 28. e6 Nxe6 29. Nb4 Nf4 30. Qe3 Nh3+ 31. Kg2 Bd7 32.
Nxc6 Rxc6 33. Qe5 1-0

[Event "IsBank TCh-TUR"]
[Site "Konya TUR"]
[Date "2010.06.29"]
[Round "1"]
[White "Burneckas,Y"]
[Black "Suer,U"]
[Result "1/2-1/2"]
[WhiteElo "1946"]
[BlackElo "1793"]
[EventDate "2010.06.29"]

1. Nf3 Nf6 2. d4 d5 3. c4 e6 4. Nc3 Nbd7 5. Bg5 Be7 6. e3 O-O 7. Bd3 b6 8.
cxd5 exd5 9. O-O Bb7 10. Rc1 c5 11. Re1 Ne4 12. Bxe7 Qxe7 13. Qe2 Rfe8 14.
Ba6 Ndf6 15. Ne5 cxd4 16. exd4 Bxa6 17. Qxa6 Qb4 18. Nd3 Qc4 19. Qxc4 dxc4
20. Nxe4 cxd3 21. f3 Nxe4 22. Rxe4 Rxe4 23. fxe4 f5 24. exf5 Rd8 25. Kf2 d2
26. Rd1 Rxd4 27. Ke3 Rd5 28. g4 h5 29. Rxd2 Ra5 30. h3 hxg4 31. hxg4 Rxa2
32. g5 Kf8 33. Ke4 Ke7 34. Ke5 Ra5+ 35. Rd5 Ra1 36. b4 a5 37. Ke4 1/2-1/2

[Event "IsBank TCh-TUR"]
[Site "Konya TUR"]
[Date "2010.06.29"]
[Round "1"]
[White "Gajewski,G"]
[Black "Lastin,A"]
[Result "0-1"]
[WhiteElo "2572"]
[BlackElo "2643"]
[EventDate "2010.06.29"]

1. d4 Nf6 2. c4 e6 3. Nf3 d5 4. g3 Bb4+ 5. Bd2 Be7 6. Bg2 O-O 7. O-O c6 8.
Qc2 b6 9. Rd1 Nbd7 10. b3 Ba6 11. a4 Rc8 12. a5 c5 13. axb6 Qxb6 14. Qa2
Bb7 15. Ba5 Qd6 16. Na3 Qb8 17. Rab1 Qa8 18. Nb5 a6 19. Nc3 Rfe8 20. Ne5
cxd4 21. Nxd7 Nxd7 22. Rxd4 Bf6 23. Rdd1 d4 24. Bxb7 Qxb7 25. Na4 h5 26.
Qd2 h4 27. Qe1 Qc6 28. Qf1 e5 29. Qh3 e4 30. Bd2 Ne5 31. Bf4 Nxc4 32. Rdc1
Qb5 33. bxc4 Qxa4 34. Rb6 Rc6 35. c5 Rd8 36. Qg2 Re8 37. Qf1 Rec8 38. Qh3
Rd8 39. Qg2 Re8 40. Qf1 Rec8 41. Bd6 Qa2 42. Ra1 Qd5 43. Qh3 d3 44. Rd1 Bd4
45. exd3 e3 46. Qg2 exf2+ 47. Kf1 Qxg2+ 48. Kxg2 Rxb6 49. cxb6 Bxb6 50.
gxh4 Bd4 51. Kf3 a5 52. Bg3 a4 53. Bxf2 Bb2 0-1

[Event "IsBank TCh-TUR"]
[Site "Konya TUR"]
[Date "2010.06.29"]
[Round "1"]
[White "Yurtseven,M"]
[Black "Emiroglu,C"]
[Result "1/2-1/2"]
[WhiteElo "1964"]
[BlackElo "2100"]
[EventDate "2010.06.29"]

1. e4 c5 2. Nf3 Nc6 3. d4 cxd4 4. Nxd4 g6 5. Be3 Nf6 6. Nc3 Bg7 7. Bc4 O-O
8. Bb3 d6 9. f3 Bd7 10. Qd2 Nxd4 11. Bxd4 b5 12. Nd5 Nxd5 13. Bxd5 Bxd4 14.
Qxd4 Rc8 15. c3 a5 16. a3 Be6 17. O-O Bxd5 18. exd5 Rc4 19. Qe3 Qc7 20.
Rfe1 Re8 21. Rad1 Qc5 22. Qxc5 Rxc5 23. Re4 Kf8 24. Kf2 Rec8 25. Rd2 Ke8
26. g4 h6 27. h4 Kd7 28. Rf4 f6 29. Re4 g5 30. Kg3 Rf8 31. Red4 Rg8 32. Kh3
Rh8 33. f4 Rg8 34. Rd1 Rf8 35. Kg3 Rg8 36. Kh3 1/2-1/2

[Event "IsBank TCh-TUR"]
[Site "Konya TUR"]
[Date "2010.06.29"]
[Round "1"]
[White "Koc,O"]
[Black "Eden,Y"]
[Result "1/2-1/2"]
[WhiteElo "1851"]
[BlackElo "1741"]
[EventDate "2010.06.29"]

1. e4 c5 2. c3 d5 3. exd5 Qxd5 4. d4 g6 5. Nf3 Bg7 6. Na3 Nf6 7. Nb5 Qd8 8.
dxc5 Qxd1+ 9. Kxd1 Na6 10. Bc4 O-O 11. Be3 Ng4 12. Ke2 Nxe3 13. fxe3 Nxc5
14. Nc7 Rb8 15. Nd5 e6 16. Ne7+ Kh8 17. Nxc8 Rbxc8 18. Bb3 h6 19. Rad1 Rcd8
20. Nd4 a6 21. Bc2 e5 22. Nb3 Na4 23. Nd2 Nc5 24. g4 Rd7 25. Nc4 Rfd8 26.
Rxd7 Rxd7 27. Rd1 Rxd1 28. Kxd1 Kg8 29. b4 Ne6 30. Be4 b5 31. Nd6 Bf8 32.
Nc8 Kg7 33. Kc2 Kf6 34. h4 Nc7 35. Kb3 Ke6 36. c4 f5 37. gxf5+ gxf5 38. Bb7
f4 39. exf4 exf4 40. Nb6 Be7 41. Nd5 bxc4+ 42. Kxc4 Nxd5 43. Bxd5+ Ke5
1/2-1/2

[Event "IsBank TCh-TUR"]
[Site "Konya TUR"]
[Date "2010.06.29"]
[Round "1"]
[White "Sirin,A"]
[Black "Acarbay,Ay"]
[Result "1-0"]
[WhiteElo "2250"]
[BlackElo "1885"]
[EventDate "2010.06.29"]

1. d4 d5 2. Nf3 Nf6 3. g3 e6 4. c4 b6 5. cxd5 exd5 6. Bg2 Bb7 7. Nc3 Be7 8.
O-O O-O 9. Bf4 a6 10. Rc1 Nbd7 11. Ne5 c5 12. Nxd7 Qxd7 13. Na4 Qc6 14. Qb3
Nd7 15. Nc3 c4 16. Nxd5 Qxd5 17. Bxd5 cxb3 18. Bxb7 Ra7 19. Bd5 bxa2 20.
Bxa2 Nf6 21. Rc6 b5 22. Rfc1 Rd7 23. Rc7 Rfd8 24. Rxd7 Rxd7 25. e3 h6 26.
Kf1 g5 27. Bc7 Kg7 28. Rc6 Ne4 29. Ba5 b4 30. f3 Nd2+ 31. Ke2 b3 32. Bxd2
bxa2 33. Rxa6 1-0

[Event "IsBank TCh-TUR"]
[Site "Konya TUR"]
[Date "2010.06.29"]
[Round "1"]
[White "Patel,Y"]
[Black "Aslan,C"]
[Result "1-0"]
[WhiteElo "1782"]
[BlackElo "1572"]
[EventDate "2010.06.29"]

1. e4 c5 2. Nf3 d6 3. d4 cxd4 4. Nxd4 Nf6 5. Nc3 g6 6. Be3 Bg7 7. Bc1 Bf8
8. Be3 Bg7 9. f3 O-O 10. Bc4 Nc6 11. Qd2 Bd7 12. Bb3 Rc8 13. O-O-O Ne5 14.
Kb1 Nc4 15. Bxc4 Rxc4 16. g4 b5 17. b3 Rc5 18. Ne6 Bxe6 19. Bxc5 Qc7 20.
Bd4 Rb8 21. Rhe1 a5 22. e5 Ne8 23. exd6 Nxd6 24. Bxg7 Kxg7 25. Ne4 Nxe4 26.
Rxe4 b4 27. Rd4 Qc5 28. Rd8 Rc8 29. Rxc8 Qxc8 30. Qd4+ Kg8 31. Qd8+ Qxd8
32. Rxd8+ Kg7 33. Kc1 Kf6 34. Kd2 Kg5 35. Ra8 Kf4 36. Rxa5 Kxf3 37. Ra4
Bxg4 38. Rxb4 f5 39. a4 Kg2 40. a5 Bf3 41. h4 e5 42. a6 Kf2 43. Ra4 e4 44.
Ra1 e3+ 45. Kc3 e2 46. Kd2 h6 47. b4 Kg3 48. b5 Bd5 49. b6 1-0

[Event "IsBank TCh-TUR"]
[Site "Konya TUR"]
[Date "2010.06.29"]
[Round "1"]
[White "Arig,B"]
[Black "Buyukasik,Betul"]
[Result "1-0"]
[WhiteElo "1778"]
[BlackElo "1670"]
[EventDate "2010.06.29"]

1. d4 Nf6 2. Nf3 g6 3. Bg5 Bg7 4. e3 O-O 5. Be2 d5 6. c3 Nbd7 7. O-O c5 8.
Nbd2 b6 9. Re1 Bb7 10. Bd3 Ne4 11. Bh4 Rc8 12. Rc1 h6 13. Qc2 f5 14. Bg3
Nxg3 15. hxg3 e5 16. dxe5 Nxe5 17. Nxe5 Bxe5 18. Nf3 Bg7 19. Qa4 Bc6 20.
Bb5 Qe8 21. Bxc6 Qxc6 22. Qb3 Kh7 23. Re2 Rcd8 24. Rd2 Rd7 25. Qd1 Rfd8 26.
Nh4 Qe6 27. Nf3 Qc6 28. Qb3 Rf8 29. Qd1 Rfd8 30. Nh4 Qe6 31. Nf3 Qc6 32.
Kh2 Qe6 33. Qa4 Kg8 34. Kg1 Kh7 35. Rcd1 Kg8 36. Qa3 Qc6 37. Kh2 Kh7 38.
Qb3 Bf6 39. Qc2 Bg7 40. Rd3 b5 41. R3d2 Kg8 42. b4 c4 43. Nd4 Bxd4 44. Rxd4
Kg7 45. Qd2 a6 46. Rh1 g5 47. Qe2 Qg6 48. Rhd1 Rd6 49. g4 fxg4 50. Qxg4 h5
51. Qf3 Qf7 52. Qg3 Qg6 53. e4 Qf6 54. e5 Qf5 55. exd6 1-0

[Event "IsBank TCh-TUR"]
[Site "Konya TUR"]
[Date "2010.06.29"]
[Round "1"]
[White "Secer,A"]
[Black "Gunay,A"]
[Result "1-0"]
[WhiteElo "2325"]
[BlackElo "2174"]
[EventDate "2010.06.29"]

1. e4 c5 2. Nf3 d6 3. d4 cxd4 4. Nxd4 Nf6 5. Nc3 a6 6. Bg5 e6 7. f4 Qb6 8.
Qd2 Qxb2 9. Rb1 Qa3 10. e5 h6 11. Bh4 dxe5 12. fxe5 g5 13. exf6 gxh4 14.
Ne4 a5 15. Nb5 Bb4 16. c3 Bxc3 17. Nbxc3 Nc6 18. Rb3 1-0

[Event "IsBank TCh-TUR"]
[Site "Konya TUR"]
[Date "2010.06.29"]
[Round "1"]
[White "Atakisi,U"]
[Black "Mirzoev,A"]
[Result "1/2-1/2"]
[WhiteElo "2384"]
[BlackElo "2555"]
[EventDate "2010.06.29"]

1. e4 e5 2. Nf3 Nc6 3. Bb5 a6 4. Bxc6 dxc6 5. O-O Qf6 6. d4 exd4 7. Qxd4
Qxd4 8. Nxd4 Bd7 9. Be3 O-O-O 10. Nc3 Ne7 11. Rfe1 c5 12. Nde2 b6 13. Nf4
Nc6 14. Rad1 Bd6 15. Nfd5 Kb7 16. Bf4 Rhe8 17. Bxd6 cxd6 18. f3 Nd4 19. Rd2
f5 20. Ne2 Nxe2+ 21. Rdxe2 fxe4 22. Rxe4 Rxe4 23. Rxe4 Bc6 24. Re7+ Rd7 25.
Kf2 Rxe7 26. Nxe7 Bd7 27. Ke3 Be6 28. a3 Kc7 29. Ke4 Kd7 30. Nd5 Kc6 31.
Ne7+ Kd7 32. Nd5 Kc6 33. Ne7+ Kd7 1/2-1/2

[Event "IsBank TCh-TUR"]
[Site "Konya TUR"]
[Date "2010.06.29"]
[Round "1"]
[White "Karatekin,T"]
[Black "Marasli,T"]
[Result "1/2-1/2"]
[WhiteElo "2265"]
[BlackElo "2185"]
[EventDate "2010.06.29"]

1. Nf3 Nf6 2. g3 d5 3. Bg2 g6 4. d3 Bg7 5. O-O O-O 6. Nbd2 c5 7. e4 Nc6 8.
Re1 dxe4 9. dxe4 e5 10. c3 Qe7 11. Nc4 Rd8 12. Qc2 h6 13. Ne3 Be6 14. Bf1
Rac8 15. Nd2 Ng4 16. Nd5 Qf8 17. Bg2 Nf6 18. Nxf6+ Bxf6 19. Nf1 Bg7 20. Ne3
Rd7 21. Qa4 Rb8 22. Nd5 b5 23. Qa6 Ne7 24. Be3 Nxd5 25. exd5 Bxd5 26. Red1
e4 27. Bxe4 Rd6 28. Qxd6 Qxd6 29. Rxd5 Qe6 30. Bf3 b4 31. Rxc5 bxc3 32.
bxc3 Rc8 33. Bd5 Qd7 34. Rxc8+ Qxc8 35. Rc1 Qf5 36. Bb3 h5 37. h4 Be5 38.
Bxa7 Qh3 39. Bd5 Qd7 40. Bd4 Bxd4 41. Bxf7+ Kxf7 42. cxd4 Qxd4 43. Re1 Qb2
44. Re3 Qxa2 45. Kg2 Kf6 46. Kg1 Kf5 47. Kg2 Qc2 48. Rf3+ Ke4 49. Rf4+ Ke5
50. Kg1 Qc6 51. Kh2 Qc8 52. Kg2 Qc1 53. Rf8 Qc6+ 54. Kh2 Ke4 55. Rf7 Kd3
56. Rf4 Qc8 57. Kg2 Qc1 58. Rf8 Qc6+ 59. Kh2 Ke4 60. Rf7 Kd3 61. Re7 Qc5
62. Re3+ Kd2 63. Kg1 g5 64. hxg5 Qxg5 65. Kh2 Qf6 66. Kg1 Qf7 67. Kg2 Qf5
68. Kg1 Qh3 69. Re4 Kd3 70. Re3+ Kd4 71. Re1 h4 72. gxh4 Qg4+ 73. Kh2 Kd3
74. Re3+ Kd2 75. Kh1 Qg5 76. Kh2 Qg6 77. Rg3 Qe4 78. Kg1 Qf5 79. Re3 Qb1+
80. Kg2 Qd1 81. Rg3 Qc1 82. Re3 Qc6+ 83. Kg1 1/2-1/2

[Event "IsBank TCh-TUR"]
[Site "Konya TUR"]
[Date "2010.06.29"]
[Round "1"]
[White "Savchenko,B"]
[Black "Heberla,B"]
[Result "1/2-1/2"]
[WhiteElo "2642"]
[BlackElo "2532"]
[EventDate "2010.06.29"]

1. e4 e6 2. d4 d5 3. Nc3 dxe4 4. Nxe4 Nd7 5. Nf3 Ngf6 6. Nxf6+ Nxf6 7. c3
Be7 8. Bg5 O-O 9. Bd3 b6 10. Bxf6 Bxf6 11. Be4 Rb8 12. Qd3 h6 13. h4 c5 14.
g4 cxd4 15. g5 dxc3 16. gxf6 Qxd3 17. Bxd3 cxb2 18. Rb1 gxf6 19. Rg1+ Kh8
20. Rxb2 Bb7 21. Ke2 Rbd8 22. Rd2 Bxf3+ 23. Kxf3 Rd4 24. Ke3 Rxh4 25. Be4
f5 26. Bb7 Ra4 27. Bc6 Rc4 28. Bb5 Rb4 29. a4 a6 30. Bxa6 Rxa4 1/2-1/2

[Event "IsBank TCh-TUR"]
[Site "Konya TUR"]
[Date "2010.06.29"]
[Round "1"]
[White "Gundogan,C"]
[Black "Tandogan,Buket"]
[Result "1-0"]
[WhiteElo "1816"]
[BlackElo "1553"]
[EventDate "2010.06.29"]

1. e4 c5 2. d4 cxd4 3. c3 Nc6 4. cxd4 e6 5. Nc3 d6 6. Bc4 Nf6 7. Nf3 Be7 8.
Bf4 O-O 9. O-O a6 10. a4 d5 11. exd5 Nxd5 12. Nxd5 exd5 13. Bd3 Bg4 14. h3
Be6 15. Rc1 Rc8 16. Bb1 Bf6 17. Qd3 g6 18. Bh6 Bg7 19. Bxg7 Kxg7 20. Qd2
Qa5 21. Qd1 Qb4 22. Bc2 Na5 23. b3 Rc3 24. Qd2 Rfc8 25. Rb1 Qb6 26. b4 Rxc2
27. bxa5 Qc6 28. Qb4 Rc4 29. Qxb7 Qxb7 30. Rxb7 Rxa4 31. Ng5 Re8 32. Re1
Kg8 33. Rb6 Rxa5 34. Nxe6 fxe6 35. Rbxe6 Rxe6 36. Rxe6 Ra1+ 37. Kh2 Rd1 38.
Rxa6 Rxd4 39. Kg3 Kf7 40. Ra7+ Kg8 41. Kf3 Rd1 42. Rd7 h6 43. Ke2 Rd4 44.
Ke3 Rd1 45. h4 Rh1 46. g3 Rd1 47. Kf4 Rf1 48. Kf3 Rd1 49. Kg4 Rd2 50. f4
Rd1 51. h5 gxh5+ 52. Kxh5 Rd3 53. g4 d4 54. Kxh6 Rd1 55. Kg6 Kf8 56. f5 d3
57. f6 Ke8 58. Rd6 Rf1 59. Rxd3 1-0

[Event "IsBank TCh-TUR"]
[Site "Konya TUR"]
[Date "2010.06.29"]
[Round "1"]
[White "Can,E"]
[Black "Arutinian,D"]
[Result "0-1"]
[WhiteElo "2477"]
[BlackElo "2566"]
[EventDate "2010.06.29"]

1. e4 c6 2. d4 d5 3. Nc3 dxe4 4. Nxe4 Bf5 5. Ng3 Bg6 6. Nh3 e6 7. Nf4 Qc7
8. c3 Nf6 9. Bc4 Nbd7 10. Bb3 Bd6 11. Qf3 O-O-O 12. O-O c5 13. Be3 c4 14.
Nxg6 hxg6 15. Bc2 Nb6 16. b3 Nfd5 17. a4 a5 18. b4 Bxg3 19. hxg3 Rh5 20.
Bf4 Nxf4 21. gxf4 axb4 22. cxb4 Rxd4 23. g3 Qc6 24. Qxc6+ bxc6 25. a5 Nd5
26. a6 Rh8 27. Rfb1 Nc3 28. Re1 Kc7 29. Ra5 Ra8 30. Kg2 Kb6 31. Rea1 Rd2
32. Ba4 Nd5 33. Rc5 Nxb4 34. Rxc4 c5 35. Rac1 Nxa6 36. Bb3 Rb2 37. Bc2 Rd8
38. Kf3 Nb4 39. Bxg6 fxg6 40. Rxc5 Rxf2+ 41. Kg4 Rd6 42. Rc8 Rc6 43. Rb8+
Kc7 44. Rxc6+ Nxc6 45. Rg8 Ne7 46. Rxg7 Kd6 47. Rf7 Rg2 48. Kf3 Rc2 49. g4
Rc3+ 50. Ke4 Rc4+ 51. Kf3 Nd5 52. Kg3 Nxf4 0-1

[Event "IsBank TCh-TUR"]
[Site "Konya TUR"]
[Date "2010.06.29"]
[Round "1"]
[White "Erbis,B"]
[Black "Karagollu,A"]
[Result "1/2-1/2"]
[WhiteElo "1950"]
[BlackElo "1919"]
[EventDate "2010.06.29"]

1. e4 e5 2. Nf3 Nc6 3. Bb5 a6 4. Ba4 Nf6 5. d3 b5 6. Bb3 Be7 7. c3 O-O 8.
Nbd2 d5 9. Qe2 dxe4 10. dxe4 Nh5 11. Nf1 Be6 12. Ng3 Nf4 13. Bxf4 exf4 14.
Nf5 Bxf5 15. exf5 Bd6 16. O-O Qf6 17. Rfe1 Qxf5 18. Rad1 Qd7 19. Ng5 Rae8
20. Qd3 Rxe1+ 21. Rxe1 g6 22. h3 Kg7 23. Qd5 h6 24. Nf3 Re8 25. Rxe8 Qxe8
26. a4 Ne7 27. Qd4+ Kh7 28. axb5 axb5 29. Qf6 Qf8 30. Qxf7+ Qg7 31. Nd4
Qxf7 32. Bxf7 Kg7 33. Be8 b4 34. Kf1 bxc3 35. bxc3 Be5 36. Nb5 c6 37. Nd4
Bxd4 38. cxd4 Nf5 39. Bxc6 Nxd4 40. Be4 Kf6 41. Ke1 g5 42. Kd2 Ke5 43. Bb7
Nb3+ 44. Ke2 Nc1+ 45. Kd2 Nb3+ 46. Ke2 Nc5 47. Ba8 Kd4 48. Bc6 Nd3 49. Bb7
Ne5 50. Bf3 Kc3 51. Bb7 h5 52. g3 h4 53. gxf4 gxf4 54. Bd5 Kd4 55. Bb7
1/2-1/2

[Event "IsBank TCh-TUR"]
[Site "Konya TUR"]
[Date "2010.06.29"]
[Round "1"]
[White "Danelia,M"]
[Black "Kaplan,E"]
[Result "1-0"]
[WhiteElo "2203"]
[BlackElo "1799"]
[EventDate "2010.06.29"]

1. d4 d5 2. c4 e6 3. Nf3 c5 4. cxd5 exd5 5. Nc3 Nc6 6. g3 Nf6 7. Bg2 Be7 8.
O-O O-O 9. Bg5 c4 10. Ne5 Be6 11. Nxc4 dxc4 12. Bxf6 Bxf6 13. d5 Bg4 14.
dxc6 bxc6 15. Bxc6 Rc8 16. Bg2 Qe7 17. Re1 Bxc3 18. bxc3 Rfd8 19. Qc2 h5
20. h3 Be6 21. Rad1 h4 22. g4 Qg5 23. e3 Qa5 24. Rd4 f6 25. f4 Qc5 26. Qd2
Qa5 27. Be4 Bf7 28. Bg2 Rb8 29. Rd1 Rxd4 30. exd4 Qa3 31. d5 Rb2 32. Qd4
Qxa2 33. Be4 Be8 34. d6 Rh2 35. d7 Bxd7 36. Qd5+ Kf8 37. Qd6+ Kg8 38. Qb8+
1-0

[Event "IsBank TCh-TUR"]
[Site "Konya TUR"]
[Date "2010.06.29"]
[Round "1"]
[White "Sanikidze,T"]
[Black "Gagunashvili,M"]
[Result "1/2-1/2"]
[WhiteElo "2569"]
[BlackElo "2580"]
[EventDate "2010.06.29"]

1. d4 d5 2. c4 c6 3. Nf3 Nf6 4. e3 Bf5 5. Nc3 e6 6. Nh4 Be4 7. f3 Bg6 8.
Qb3 Qb6 9. Bd2 Nbd7 10. Nxg6 hxg6 11. O-O-O Qxb3 12. axb3 Bd6 13. h3 Nh5
14. Ne2 Ng3 15. Nxg3 Bxg3 16. Kb1 O-O-O 17. Rc1 Kb8 18. Be2 Nf6 19. Rhd1
Rd7 20. b4 dxc4 21. Bxc4 a6 22. Kc2 Ne8 23. Bd3 Bc7 24. Bc3 Bb6 25. Kd2 Nc7
26. Ke2 Rhd8 27. Bc4 Nb5 28. Bxb5 axb5 29. Rd2 Kc7 30. Rcd1 f6 31. Rd3 Rd6
32. Be1 Rd5 33. Bc3 1/2-1/2

[Event "IsBank TCh-TUR"]
[Site "Konya TUR"]
[Date "2010.06.29"]
[Round "1"]
[White "Ari,Z"]
[Black "Dogan,A"]
[Result "1-0"]
[WhiteElo "2184"]
[BlackElo "2109"]
[EventDate "2010.06.29"]

1. d4 Nf6 2. c4 g6 3. Nf3 Bg7 4. Nc3 O-O 5. e4 d6 6. Bg5 h6 7. Bf4 g5 8.
Be3 e5 9. d5 Ng4 10. Bd2 f5 11. Bd3 Na6 12. Qe2 Nc5 13. Bc2 Nf6 14. exf5 e4
15. Nd4 Nxd5 16. cxd5 Bxd4 17. g4 Re8 18. O-O-O Bg7 19. h4 gxh4 20. Rdg1
Bf6 21. g5 hxg5 22. Qh5 e3 23. fxe3 Kf8 24. e4 Bd7 25. Rxh4 Qe7 26. Rxg5
Qf7 27. Qxf7+ Kxf7 28. Rh7+ Kf8 29. Rg6 1-0

[Event "IsBank TCh-TUR"]
[Site "Konya TUR"]
[Date "2010.06.29"]
[Round "1"]
[White "Serin,S"]
[Black "Yargici,M"]
[Result "1-0"]
[WhiteElo "1719"]
[BlackElo "1822"]
[EventDate "2010.06.29"]

1. e4 e5 2. Nf3 Nc6 3. Bb5 a6 4. Ba4 Nf6 5. O-O Be7 6. c3 O-O 7. d3 b5 8.
Bc2 Re8 9. Nbd2 Bb7 10. Re1 d5 11. Qe2 Qd7 12. Nf1 h6 13. h3 Rad8 14. g4
Bc5 15. N3h2 Qe6 16. Qf3 Be7 17. Ng3 Nh7 18. Nhf1 Bg5 19. Ne3 Ne7 20. Bb3
c6 21. Nef5 Ng6 22. Nh5 Bf6 23. Qg3 Bc8 24. h4 Kh8 25. g5 hxg5 26. hxg5 Nf4
27. Bxf4 exf4 28. Nxf4 Qe5 29. gxf6 Qxf6 30. Nd4 Re5 31. Nf3 Re7 32. exd5
cxd5 33. Nxd5 Rxe1+ 34. Rxe1 Qf5 35. Ne7 Qf6 36. Nxc8 Rxc8 37. Ne5 Ng5 38.
f4 Ne6 39. Nxf7+ 1-0

[Event "IsBank TCh-TUR"]
[Site "Konya TUR"]
[Date "2010.06.29"]
[Round "1"]
[White "Okay,I"]
[Black "Komut,B"]
[Result "0-1"]
[WhiteElo "1865"]
[BlackElo "2012"]
[EventDate "2010.06.29"]

1. e4 e5 2. Nf3 Nc6 3. Bb5 a6 4. Ba4 Nf6 5. O-O Be7 6. Qe2 b5 7. Bb3 O-O 8.
c3 d6 9. d4 Bg4 10. Rd1 Qc8 11. h3 Bh5 12. a4 Qb7 13. Bg5 h6 14. Bh4 Qb6
15. g4 Bg6 16. Bd5 exd4 17. cxd4 Nxd5 18. exd5 Bxh4 19. dxc6 Bf6 20. axb5
axb5 21. Nc3 Qxc6 22. Rac1 Rae8 23. d5 Rxe2 24. dxc6 Rxb2 25. Nd4 Bxd4 26.
Rxd4 Ra8 27. Nd5 Ra7 28. Re1 Rc2 29. Ne7+ Kh7 30. h4 Rc4 31. Rxc4 bxc4 32.
Rc1 Bd3 33. Nd5 Ra6 34. Nxc7 Rxc6 35. Nb5 d5 36. Kg2 Rb6 37. Nd4 Rb1 38.
Rc3 Rd1 39. Kf3 Be4+ 40. Ke3 Rd3+ 41. Rxd3 Bxd3 42. Nb5 h5 43. g5 Bf5 44.
Kf4 Bd7 45. Nd4 c3 46. Ke5 Be6 47. Nc2 Kg6 48. Ne3 Bf5 49. Nxd5 c2 50. Nf4+
Kh7 51. Ne2 g6 52. Kf6 Kg8 53. Ke7 Kg7 54. Nc1 Be6 55. Kd6 Kf8 56. Ne2 Ke8
57. Nc1 Kd8 58. Ne2 Kc8 59. Kc6 Bg4 60. Nc1 Bf3+ 61. Kd6 Kb7 62. Kc5 Kc7
63. Nb3 Bg4 64. Nc1 Kd7 65. Kd5 Be6+ 66. Kc5 Ke7 67. Ne2 Bg4 68. Nc1 Ke6
69. Kd4 Kf5 70. Ke3 Bd1 71. f3 Ke5 72. f4+ Kf5 73. Nd3 Kg4 0-1

[Event "IsBank TCh-TUR"]
[Site "Konya TUR"]
[Date "2010.06.29"]
[Round "1"]
[White "Cebelli,O"]
[Black "Okay,A"]
[Result "1-0"]
[WhiteElo "2159"]
[BlackElo "1852"]
[EventDate "2010.06.29"]

1. e4 c6 2. d4 d5 3. Nc3 dxe4 4. Nxe4 Nd7 5. Nf3 Ngf6 6. Ng3 Qc7 7. Be2 e6
8. O-O Bd6 9. b3 b6 10. c4 Bb7 11. Bb2 h5 12. Re1 c5 13. Bd3 O-O-O 14. Ne4
Nxe4 15. Bxe4 Nf6 16. Bxb7+ Qxb7 17. Qe2 Rd7 18. Rad1 cxd4 19. Rxd4 Rhd8
20. Red1 Bc5 21. Rxd7 Rxd7 22. Rxd7 Qxd7 23. Bxf6 gxf6 24. Qd2 Qc6 25. Qd3
Kb7 26. Kf1 f5 27. Ne5 Qc7 28. f4 f6 29. Qf3+ Ka6 30. Nd3 Qd6 31. Ke2 Qd4
32. b4 Bd6 33. c5 Bc7 34. a4 Qe4+ 35. Kd2 Qd4 36. g3 bxc5 37. Qc6+ 1-0

[Event "IsBank TCh-TUR"]
[Site "Konya TUR"]
[Date "2010.06.29"]
[Round "1"]
[White "Esen,N"]
[Black "Korkmaz,N"]
[Result "1/2-1/2"]
[WhiteElo "1969"]
[BlackElo "2199"]
[EventDate "2010.06.29"]

1. d4 d5 2. Nf3 Nf6 3. Bg5 Ne4 4. Bf4 c5 5. e3 Nc6 6. c3 Qb6 7. Qc1 Bf5 8.
Nbd2 Rc8 9. Be2 e6 10. O-O Be7 11. Nxe4 Bxe4 12. Ne5 cxd4 13. Nxc6 bxc6 14.
exd4 c5 15. dxc5 Bxc5 16. Qd2 O-O 17. b4 Be7 18. Rac1 Rfd8 19. Be3 Qb7 20.
f3 Bg6 21. f4 Be4 22. Rf2 Bh4 23. g3 Be7 24. Bd4 Rd7 25. Rff1 f6 26. a4 Bd6
27. Be3 a6 28. a5 Bb8 29. Qd4 Qc6 30. c4 e5 31. fxe5 fxe5 32. cxd5 exd4 33.
dxc6 Rxc6 34. Bc4+ Rxc4 35. Rxc4 Rd8 36. Rxd4 Re8 37. Rd2 Bc6 38. Bc5 Be5
39. Kf2 Bc3 40. Rc2 Bf6 41. Re1 Ra8 42. Re6 Bb5 43. Rd2 h6 44. Bd4 Rd8 45.
Be3 Rf8 46. Kg2 Bc3 47. Rf2 Rc8 48. Bc5 Bc6+ 49. Kg1 Bd5 50. Rd6 Bc6 51.
Rc2 Be5 52. Re6 Ba4 53. Re2 Bc3 54. Rd6 Bb5 55. Re3 Bf6 56. Kf2 Rf8 57. Ke1
Bg5 58. Rdd3 Bxe3 59. Rxe3 Rf1+ 60. Kd2 Rf2+ 61. Kc3 Rxh2 62. Bd6 Re2 63.
Rf3 Re4 64. Rf8+ Kh7 65. Rf7 Rc4+ 66. Kb2 Re4 67. Bc5 h5 68. Bd6 Kg6 69.
Rc7 Kf6 70. Kc3 g5 71. Rc5 Re3+ 72. Kc2 Re2+ 73. Kc3 1/2-1/2

[Event "IsBank TCh-TUR"]
[Site "Konya TUR"]
[Date "2010.06.29"]
[Round "1"]
[White "Kozhuharov,S"]
[Black "Arslan,Erda"]
[Result "1-0"]
[WhiteElo "2404"]
[BlackElo "2126"]
[EventDate "2010.06.29"]

1. d4 Nf6 2. c4 g6 3. Nc3 Bg7 4. e4 d6 5. f3 O-O 6. Bg5 c6 7. Qd2 Qa5 8.
Bd3 Nbd7 9. a3 e5 10. d5 cxd5 11. cxd5 Nh5 12. Nge2 Nc5 13. Bc2 Qb6 14. b4
Na6 15. Be3 Qd8 16. O-O Bd7 17. Rac1 f5 18. exf5 gxf5 19. f4 Kh8 20. Kh1
Qe7 21. fxe5 Bxe5 22. Bg5 Qe8 23. Rf2 Rg8 24. Rcf1 Qg6 25. Be3 Rac8 26. g3
Qg4 27. Nd1 Qh3 28. Bxf5 Bxf5 29. Rxf5 Rxg3 30. Ng1 Rxg1+ 31. Kxg1 Rg8+ 32.
Rg5 Rxg5+ 33. Bxg5 Nc7 34. Rf8+ Kg7 35. Bh6+ 1-0

[Event "IsBank TCh-TUR"]
[Site "Konya TUR"]
[Date "2010.06.29"]
[Round "1"]
[White "Gaponenko,I"]
[Black "Gvetadze,Sopi"]
[Result "1-0"]
[WhiteElo "2465"]
[BlackElo "2363"]
[EventDate "2010.06.29"]

1. e4 e5 2. Nf3 Nc6 3. Bb5 a6 4. Bxc6 dxc6 5. O-O f6 6. d4 exd4 7. Nxd4 c5
8. Ne2 Qxd1 9. Rxd1 Bd7 10. Be3 O-O-O 11. Nbc3 Bd6 12. Bf4 Bxf4 13. Nxf4
Ne7 14. Rd2 Ng6 15. Nxg6 hxg6 16. Rad1 Bc6 17. Rxd8+ Rxd8 18. Rxd8+ Kxd8
19. f3 Kd7 20. Kf2 Kd6 21. Ke3 Be8 22. h4 Bf7 23. a3 b5 24. Ne2 c4 25. c3
c5 26. g4 a5 27. Ng3 Be6 28. Ne2 Bd7 29. g5 Be8 30. Kf4 Ke6 31. Ng3 b4 32.
Nf1 Bf7 33. Ne3 Kd6 34. gxf6 gxf6 35. Ng4 Ke6 36. e5 fxe5+ 37. Nxe5 Be8 38.
Nxc4 bxc3 39. bxc3 a4 40. Ne3 Bc6 41. c4 Kf6 42. Nd1 Be8 43. Nc3 Bf7 44.
Nxa4 Bxc4 45. Nxc5 Ke7 46. Ke5 Be2 47. f4 Bf3 48. a4 Bc6 49. a5 Ba8 50. a6
Bc6 51. a7 Ba8 52. Ne6 Kd7 53. Nf8+ 1-0